|
|
|
|
| LEADER |
00000ny a22000003n 4500 |
| 003 |
CaPaEBR |
| 005 |
2011062307207.0 |
| 006 |
m u |
| 007 |
cr cn||||||||| |
| 008 |
200607r2004 sp |||||s|||||||||||spa d |
| 020 |
|
|
|a 9788497725514
|
| 035 |
|
|
|a 1288
|
| 040 |
|
|
|a FlNmELB
|c FlNmELB
|d vlex
|
| 050 |
1 |
4 |
|a KZ1301
|b O697 2004eb
|
| 080 |
|
|
|a 340.147
|
| 090 |
|
|
|c 1104
|d 1104
|
| 100 |
1 |
|
|a Orihuela Calatayud, Esperanza
|
| 245 |
1 |
4 |
|a Los tratados internacionales y su aplicacin̤ en el tiempo
|h [Recurso electrn̤ico]
|b consideraciones sobre el efecto inicial de las disposiciones convencionales /
|c Esperanza Orihuela Calatayud
|
| 256 |
|
|
|a Servicio en ln̕ea
|
| 260 |
|
|
|a Madrid :
|b Dykinson,
|c 2004
|
| 300 |
|
|
|a 341 p
|
| 506 |
1 |
|
|a Contenido solo disponible en los productos indicados
|d vLex Global
|d vLex Global (Academic Edition, excluding Law Schools)
|d vLex Global (U.S. Academic Edition, Law Schools)
|d vLex Global (U.S. Academic Edition, excluding Law Schools)
|d vLex Global (Academic Edition, Law Schools)
|
| 650 |
|
|
|a Espaą
|x Relaciones exteriores
|x Tratados
|
| 740 |
0 |
|
|a vLex Libros (Servicios en ln̕ea)
|
| 856 |
4 |
0 |
|u http://vlex.com/source/1288
|z Acceso restringido
|
| 942 |
|
|
|c BOOK
|
| 999 |
|
7 |
|a Tratados internacionales.
|
| 999 |
|
7 |
|a Tratados
|z Espaą.
|
| 999 |
|
7 |
|a Treaties
|z Spain.
|
| 999 |
|
7 |
|a Treaties.
|
| 999 |
|
7 |
|a Treaty-making power.
|